Normal view
MARC view
- Morales y Gómez, Juan Miguel
Entry Nombre Personal
001 - NUMERO DE CONTROL
- campo de control: 40491
003 - IDENTIFICADOR DE NUMERO DE CONTROL
- campo de control: UPN
005 - FECHA Y HORA DE LA ÜLTIMA TRANSACCIÓN
- campo de control: 20210219194557.0
008 - DATOS DE LONGITUD FIJA
- campo de control de longitud fija: nabaccnnaabn|||||||||| b |nc|||||d
035 ## - NUMERO DE CONTROL
- Número de control: UPN11000012598
040 ## - FUENTE DE CATALOGACIÓN
- Lenguaje de catalogación: SPA
- Agencia de transcripción: UPN
100 1# - ENCABEZAMIENTO - NOMBRE PERSONAL
- Nombre personal: Morales y Gómez, Juan Miguel
670 ## - FUENTE EN LA QUE SE LOCALIZARON DATOS
- Cita de la fuente: T
- Información localizada: Actualidad y prospectiva de la profesionalización de los servidores públicos municipales en el Estado de México
902 ## - CATALOGADOR
- Catalogador: MCM/180817
